000 00626nam a2200205 a 4500
001 19987
003 CO-ViMGA
008 141112s2004 ck r 000 u spa d
020 _a8480195878
040 _aCO-ViMGA
_bspa
_cCO-ViMGA
082 0 4 _a797.21 Z851c
100 1 _aZumbrunnen, Roger; Fouace, Jean
_929014
245 1 0 _aComo vencer el miedo al agua y aprender a nadar
260 _aBarcelona :
_bEditorial paidotribo,
_c2001
300 _a159 p.
590 _aForma de adquisición : Premio Mincultura
650 1 4 _aDEPORTES ACUATICOS - ENSEÑANZA
_929015
650 1 4 _aNATACION - ENSEÑANZA
_950358
942 _2ddc
_cBK
999 _c29106
_d29106